[Event "Montreal Mercredi 08"]
[Site "Montreal"]
[Date "2017.09.20"]
[Round "4"]
[White "Leveille, Francois"]
[Black "Cloutier, Mathieu"]
[Result "0-1"]
[WhiteElo "2307"]
[BlackElo "2142"]
[PlyCount "90"]
[EventDate "2017.08.30"]
[EventType "swiss"]
[EventRounds "5"]
[EventCountry "CAN"]
[SourceTitle "EXT 2022"]
[Source "ChessBase"]
[SourceDate "2021.10.06"]
[SourceVersion "1"]
[SourceVersionDate "2021.10.06"]
[SourceQuality "1"]

1. Nf3 c5 2. g3 g6 3. Bg2 Bg7 4. c4 Nf6 5. 0-0 0-0 6. Nc3 d6 7. a3 Nbd7 8. Rb1 Rb8 9. b4 b6 10. d3 Bb7 11. e4 h6 12. h3 Nh5 13. Bd2 Kh7 14. g4 Nhf6 15. g5 Nh5 16. gxh6 Bxh6 17. Ng5+ Kg7 18. Qc1 Rh8 19. f4 Bxg5 20. fxg5 Ne5 21. Nd5 Bxd5 22. exd5 Nxd3 23. Bc3+ f6 24. Qc2 Ne5 25. Rf2 Ng3 26. bxc5 bxc5 27. Re1 Qd7 28. Rf4 Rh5 29. h4 Rbh8 30. Qf2 Nf5 31. Bh3 Rxg5+ 32. hxg5 Rxh3 33. Bxe5 fxe5 34. Rf3 Rh5 35. Rb1 Rxg5+ 36. Kf1 Qa4 37. Rc3 Rg4 38. Qa2 Rd4 39. Ke2 Rh4 40. Rf1 Rh2+ 41. Rf2 Nd4+ 42. Ke3 Rh1 43. Rh2 Re1+ 44. Kf2 Qd1 45. Kg3 Ne2+ 0-1

[Event "Montreal CC-ch"]
[Site "Montreal"]
[Date "2017.06.10"]
[Round "2.8"]
[White "Gauthier, Luc"]
[Black "Cloutier, Mathieu"]
[Result "0-1"]
[WhiteElo "1715"]
[BlackElo "2179"]
[PlyCount "80"]
[EventDate "2017.06.09"]
[EventType "swiss"]
[EventRounds "5"]
[EventCountry "CAN"]
[SourceTitle "EXT 2022"]
[Source "ChessBase"]
[SourceDate "2021.10.06"]
[SourceVersion "1"]
[SourceVersionDate "2021.10.06"]
[SourceQuality "1"]

1. e4 c5 2. Nc3 Nc6 3. f4 e6 4. Nf3 d5 5. Bb5 d4 6. Bxc6+ bxc6 7. Ne2 Nf6 8. d3 Be7 9. b3 0-0 10. 0-0 Qc7 11. h3 Nd7 12. a4 f5 13. e5 Nb6 14. Nd2 Nd5 15. Nc4 Ba6 16. Qe1 Nb4 17. Qd2 Bxc4 18. bxc4 Rad8 19. Ba3 a5 20. Nc1 Kh8 21. Nb3 Rg8 22. Kh2 g5 23. g3 Rg6 24. Rg1 Rdg8 25. Qf2 Qd8 26. Bxb4 cxb4 27. Qf3 c5 28. Qc6 Qf8 29. Nd2 Qh6 30. fxg5 Bxg5 31. Nf3 Be3 32. Nh4 Bxg1+ 33. Rxg1 Qxh4 34. gxh4 Rxg1 35. Qf3 R8g2+ 36. Qxg2 Rxg2+ 37. Kxg2 Kg7 38. Kg3 Kg6 39. Kf4 Kh5 40. Kg3 h6 0-1

[Event "Montreal Mercredi 02"]
[Site "Montreal"]
[Date "2017.03.01"]
[Round "3"]
[White "Cloutier, Mathieu"]
[Black "Beaulieu, Eric"]
[Result "0-1"]
[WhiteElo "2190"]
[BlackElo "2206"]
[PlyCount "68"]
[EventDate "2017.02.15"]
[EventType "swiss"]
[EventRounds "5"]
[EventCountry "CAN"]
[SourceTitle "EXT 2022"]
[Source "ChessBase"]
[SourceDate "2021.10.06"]
[SourceVersion "1"]
[SourceVersionDate "2021.10.06"]
[SourceQuality "1"]

1. e4 c5 2. Nf3 e6 3. d4 cxd4 4. Nxd4 a6 5. Nc3 Qc7 6. f4 Ne7 7. Ndb5 axb5 8. Nxb5 Qa5+ 9. b4 Qxb4+ 10. Kf2 Nd5 11. exd5 Bc5+ 12. Kg3 0-0 13. Bd2 Qb2 14. Bc3 Ra3 15. Qd3 Qxa1 16. Bxa1 Rxd3+ 17. Bxd3 exd5 18. Nc3 d4 19. Ne4 d6 20. Re1 Nc6 21. Bc4 Bd7 22. Ng5 h6 23. Nf3 Ra8 24. c3 dxc3 25. Bxc3 Kf8 26. Nd2 Nd4 27. h3 Nf5+ 28. Kh2 Bf2 29. Re2 Bg3+ 30. Kg1 Bxf4 31. g4 Ng3 32. Re1 Rc8 33. Kf2 b5 34. Kf3 g5 0-1

[Event "Montreal Mercredi 04"]
[Site "Montreal"]
[Date "2017.02.01"]
[Round "5"]
[White "Cloutier, Mathieu"]
[Black "Lopez Linares, Lizandro Fernando"]
[Result "1-0"]
[WhiteElo "2036"]
[BlackElo "2202"]
[PlyCount "41"]
[EventDate "2017.01.04"]
[EventType "swiss"]
[EventRounds "5"]
[EventCountry "CAN"]
[SourceTitle "EXT 2022"]
[Source "ChessBase"]
[SourceDate "2021.10.06"]
[SourceVersion "1"]
[SourceVersionDate "2021.10.06"]
[SourceQuality "1"]

1. e4 d5 2. exd5 Qxd5 3. Nc3 Qa5 4. d4 c6 5. Bc4 Nf6 6. Nge2 Bf5 7. 0-0 e6 8. Ng3 Bd6 9. Nxf5 Qxf5 10. Bd3 Qa5 11. Bd2 Qc7 12. f4 Nbd7 13. Ne4 Nxe4 14. Bxe4 f5 15. Bd3 Nf6 16. c4 0-0-0 17. Qa4 Bc5 18. dxc5 Rxd3 19. Bc3 Ne4 20. Be5 Nxc5 21. Qxa7 1-0

[Event "Montreal Mercredi 04"]
[Site "Montreal"]
[Date "2017.01.18"]
[Round "3"]
[White "Lebeau, Gilbert"]
[Black "Cloutier, Mathieu"]
[Result "0-1"]
[WhiteElo "2082"]
[BlackElo "2036"]
[PlyCount "74"]
[EventDate "2017.01.04"]
[EventType "swiss"]
[EventRounds "5"]
[EventCountry "CAN"]
[SourceTitle "EXT 2022"]
[Source "ChessBase"]
[SourceDate "2021.10.06"]
[SourceVersion "1"]
[SourceVersionDate "2021.10.06"]
[SourceQuality "1"]

1. d4 Nf6 2. c4 c5 3. d5 e6 4. Nc3 exd5 5. cxd5 d6 6. Nf3 g6 7. g3 Bg7 8. Bg2 0-0 9. 0-0 a6 10. a4 Re8 11. Bf4 Ne4 12. Nxe4 Rxe4 13. Qd2 Qe7 14. Rfe1 Rb4 15. Rab1 Rxa4 16. e4 f6 17. Qc2 Rb4 18. Bd2 Rb6 19. Bc3 a5 20. Nd2 Na6 21. Nc4 Nb4 22. Qd2 Rba6 23. f4 b5 24. e5 fxe5 25. Nxd6 Qxd6 26. fxe5 Qb6 27. Kh1 Bf5 28. Be4 Bxe4+ 29. Rxe4 Qb7 30. Bxb4 axb4 31. Ree1 Re8 32. Re2 Rae6 33. h4 Rxe5 34. Rxe5 Rxe5 35. Rd1 Qf7 36. Kg2 Rf5 37. g4 Rf4 0-1

[Event "Quebec-ch op"]
[Site "Montreal"]
[Date "2016.07.27"]
[Round "6"]
[White "Cloutier, Mathieu"]
[Black "Caire, Francois"]
[Result "0-1"]
[WhiteElo "1993"]
[BlackElo "2161"]
[PlyCount "90"]
[EventDate "2016.07.23"]
[EventType "swiss"]
[EventRounds "8"]
[EventCountry "CAN"]
[SourceTitle "CBM 173 Extra"]
[Source "ChessBase"]
[SourceDate "2016.08.29"]
[SourceVersion "1"]
[SourceVersionDate "2016.08.29"]
[SourceQuality "1"]

1. e4 e5 2. Nf3 Nc6 3. Bb5 a6 4. Ba4 Nf6 5. 0-0 Be7 6. Re1 b5 7. Bb3 0-0 8. h3 Bb7 9. d3 d6 10. c3 Na5 11. Bc2 c5 12. Nbd2 Re8 13. a4 Nc6 14. Bb3 h6 15. Nf1 Bf8 16. g4 Nh7 17. axb5 axb5 18. Rxa8 Bxa8 19. Ng3 Na5 20. Ba2 Be7 21. Nf5 Ng5 22. Nxe7+ Qxe7 23. Nxg5 hxg5 24. Qd2 c4 25. dxc4 bxc4 26. Qxg5 f6 27. Qg6 d5 28. exd5 Bxd5 29. Bb1 Nb3 30. Bh6 Kf8 31. g5 f5 32. Qxf5+ Qf7 33. Bxg7+ Kxg7 34. Qh7+ Kf8 35. Qh8+ Qg8 36. Qh6+ Ke7 37. Rxe5+ Kd7 38. Bf5+ Kc7 39. Bh7 Qf7 40. Rf5 Qd7 41. Qh4 Re1+ 42. Kh2 Rh1+ 43. Kg3 Rg1+ 44. Kh2 Rg2+ 45. Kh1 Rg4+ 0-1

[Event "Quebec-ch op"]
[Site "Montreal"]
[Date "2016.07.25"]
[Round "4"]
[White "Cloutier, Mathieu"]
[Black "Bouchard, Jean Marc"]
[Result "1/2-1/2"]
[WhiteElo "1993"]
[BlackElo "1866"]
[PlyCount "92"]
[EventDate "2016.07.23"]
[EventType "swiss"]
[EventRounds "8"]
[EventCountry "CAN"]
[SourceTitle "CBM 173 Extra"]
[Source "ChessBase"]
[SourceDate "2016.08.29"]
[SourceVersion "1"]
[SourceVersionDate "2016.08.29"]
[SourceQuality "1"]

1. e4 e6 2. d4 d5 3. Nc3 Nf6 4. Bg5 Be7 5. e5 Nfd7 6. Bxe7 Qxe7 7. f4 a6 8. Qd2 c5 9. Nf3 Nc6 10. dxc5 Nxc5 11. a3 b5 12. b4 Nd7 13. Bd3 Bb7 14. Ne2 Nb6 15. 0-0 Nc4 16. Qc1 h6 17. Ned4 0-0 18. Kh1 f5 19. Rg1 Nxd4 20. Nxd4 h5 21. h3 Kf7 22. g3 g6 23. Kh2 Qc7 24. a4 Bc6 25. a5 Bd7 26. Ra2 Rh8 27. Qe1 Rag8 28. Qe2 Ke7 29. c3 Kd8 30. Nb3 Bc8 31. Nc5 Qe7 32. Bxc4 bxc4 33. Qe3 Ke8 34. h4 Qa7 35. Qd4 Rh7 36. Rb1 Rc7 37. Rd2 Bd7 38. Qf2 Ke7 39. Nxd7 Qxf2+ 40. Rxf2 Kxd7 41. b5 Rb8 42. Rfb2 Rcb7 43. b6 Kc6 44. Kg2 Kc5 45. Kf2 Rh8 46. Ke3 Rhh7 1/2-1/2

[Event "Montreal Mercredi 05"]
[Site "Montreal"]
[Date "2016.06.08"]
[Round "5"]
[White "Cloutier, Mathieu"]
[Black "Rodrigue Lemieux, Shawn"]
[Result "1-0"]
[WhiteElo "2074"]
[BlackElo "2141"]
[PlyCount "57"]
[EventDate "2016.05.11"]
[EventType "swiss"]
[EventRounds "5"]
[EventCountry "CAN"]
[SourceTitle "EXT 2022"]
[Source "ChessBase"]
[SourceDate "2021.10.06"]
[SourceVersion "1"]
[SourceVersionDate "2021.10.06"]
[SourceQuality "1"]

1. e4 c5 2. Nf3 d6 3. d4 cxd4 4. Nxd4 Nf6 5. Nc3 Nc6 6. Bc4 e6 7. Be3 Be7 8. Qe2 Bd7 9. 0-0-0 Na5 10. Bd3 Rc8 11. f4 Nc6 12. g4 e5 13. Nf5 Bxf5 14. exf5 Qa5 15. g5 Nd7 16. g6 exf4 17. gxf7+ Kf8 18. Bxf4 Nde5 19. Bb5 a6 20. Bxc6 Rxc6 21. Rd5 Qb4 22. Bxe5 dxe5 23. Qxe5 Kxf7 24. Rd7 Qc5 25. Qxc5 Rxc5 26. Re1 Re8 27. Nd5 Rxd5 28. Rxd5 Bg5+ 29. Kd1 1-0

[Event "Montreal Mercredi 05"]
[Site "Montreal"]
[Date "2016.05.31"]
[Round "4"]
[White "Boudreau, Daniel"]
[Black "Cloutier, Mathieu"]
[Result "1-0"]
[WhiteElo "2130"]
[BlackElo "2074"]
[PlyCount "111"]
[EventDate "2016.05.11"]
[EventType "swiss"]
[EventRounds "5"]
[EventCountry "CAN"]
[SourceTitle "EXT 2022"]
[Source "ChessBase"]
[SourceDate "2021.10.06"]
[SourceVersion "1"]
[SourceVersionDate "2021.10.06"]
[SourceQuality "1"]

1. e4 e5 2. Nc3 Nf6 3. Bc4 Bc5 4. f4 d6 5. Nf3 0-0 6. d3 a6 7. a3 b5 8. Ba2 Ng4 9. Qe2 Nf2 10. Rf1 Ng4 11. h3 Nf6 12. f5 Nh5 13. Bg5 Ng3 14. Bxd8 Nxe2 15. Kxe2 Rxd8 16. Ng5 Rd7 17. Nd5 c6 18. Ne3 h6 19. Nf3 Kh7 20. c3 Re7 21. f6 gxf6 22. Nh4 Bxe3 23. Kxe3 Kg7 24. g4 Be6 25. Nf5+ Bxf5 26. Rxf5 Nd7 27. Raf1 Rg8 28. b4 Kh7 29. Bb3 Rg5 30. R5f2 h5 31. Bd1 h4 32. Bb3 Kg7 33. a4 Rg6 34. axb5 axb5 35. Ra2 Rh6 36. Ra7 Kf8 37. Rb7 Kg7 38. Ra1 Rh8 39. Raa7 Rd8 40. Rc7 d5 41. Rxc6 d4+ 42. cxd4 exd4+ 43. Kd2 Ne5 44. Rxe7 Nxc6 45. Rxf7+ Kg6 46. Rc7 Ne5 47. Rb7 Rc8 48. Bd1 Kg5 49. Rh7 Rc3 50. Be2 Rb3 51. Rh5+ Kf4 52. Rf5+ Kg3 53. g5 Rb2+ 54. Kd1 Kxh3 55. gxf6 Nf7 56. e5 1-0

[Event "Montreal Mercredi 05"]
[Site "Montreal"]
[Date "2016.05.18"]
[Round "2"]
[White "Cloutier, Mathieu"]
[Black "Tremblay, Alain"]
[Result "1/2-1/2"]
[WhiteElo "2074"]
[BlackElo "2237"]
[PlyCount "88"]
[EventDate "2016.05.11"]
[EventType "swiss"]
[EventRounds "5"]
[EventCountry "CAN"]
[SourceTitle "EXT 2022"]
[Source "ChessBase"]
[SourceDate "2021.10.06"]
[SourceVersion "1"]
[SourceVersionDate "2021.10.06"]
[SourceQuality "1"]

1. e4 e5 2. Nf3 Nc6 3. Bb5 Nge7 4. 0-0 g6 5. c3 a6 6. Bc4 Bg7 7. d4 exd4 8. cxd4 b5 9. Bb3 Na5 10. Bc2 0-0 11. a4 Bb7 12. Nc3 b4 13. Ne2 d6 14. Bg5 h6 15. Bf4 f5 16. Nd2 g5 17. Nb3 Nxb3 18. Bxb3+ Kh7 19. Bd2 Bxe4 20. Bxb4 Rb8 21. Bc3 Qd7 22. Ng3 Bd5 23. Bc2 Kh8 24. Nh5 Ng6 25. Nxg7 Kxg7 26. f3 Nf4 27. Qd2 Kg8 28. Rfe1 Rfe8 29. Rxe8+ Rxe8 30. Re1 Rxe1+ 31. Qxe1 Bc4 32. b3 Bd3 33. Bxd3 Nxd3 34. Qe2 Nf4 35. Qxa6 Qe6 36. Kf2 Qxb3 37. Qc8+ Kg7 38. Qxc7+ Kg6 39. Qxd6+ Kh5 40. g4+ fxg4 41. fxg4+ Kxg4 42. Qd7+ Kh5 43. Qe8+ Kg4 44. Qc8+ Kh5 1/2-1/2

[Event "Montreal Mercredi 05"]
[Site "Montreal"]
[Date "2016.05.11"]
[Round "1"]
[White "Gulko, Andrei"]
[Black "Cloutier, Mathieu"]
[Result "1-0"]
[WhiteElo "2139"]
[BlackElo "2074"]
[PlyCount "65"]
[EventDate "2016.05.11"]
[EventType "swiss"]
[EventRounds "5"]
[EventCountry "CAN"]
[SourceTitle "EXT 2022"]
[Source "ChessBase"]
[SourceDate "2021.10.06"]
[SourceVersion "1"]
[SourceVersionDate "2021.10.06"]
[SourceQuality "1"]

1. d4 Nf6 2. Bg5 c5 3. d5 Qb6 4. Nc3 Qxb2 5. Bd2 Qb6 6. e4 d6 7. f4 Bg4 8. Qc1 Qd8 9. Rb1 b6 10. h3 Bc8 11. Nf3 Ba6 12. Bxa6 Nxa6 13. 0-0 g6 14. Qe1 Bg7 15. Nb5 0-0 16. c4 Nc7 17. e5 Nfe8 18. a4 Nxb5 19. axb5 Nc7 20. f5 gxf5 21. Qg3 Kh8 22. Qh4 dxe5 23. Ng5 h6 24. Rxf5 Kg8 25. Ne4 f6 26. Bxh6 Rf7 27. Rh5 Qf8 28. Rb3 f5 29. Rg3 fxe4 30. Bxg7 Rf1+ 31. Kh2 Qf2 32. Bxe5+ Kf7 33. Rg7+ 1-0

[Event "Mercredi 2015.09.02 ABCD"]
[Site "Montreal"]
[Date "2015.09.23"]
[Round "4"]
[White "Chabot, Roland"]
[Black "Cloutier, Mathieu"]
[Result "1-0"]
[WhiteElo "2131"]
[BlackElo "2133"]
[PlyCount "81"]
[EventDate "2015.09.02"]
[EventType "tourn"]
[EventRounds "5"]
[EventCountry "CAN"]
[SourceTitle "EXT 2019"]
[Source "ChessBase"]
[SourceDate "2018.10.10"]
[SourceVersion "1"]
[SourceVersionDate "2018.10.10"]
[SourceQuality "1"]

1. d4 Nf6 2. c4 c5 3. d5 e6 4. Nc3 exd5 5. cxd5 d6 6. e4 g6 7. f4 Bg7 8. Bb5+ Nfd7 9. Nf3 a6 10. Bd3 b5 11. 0-0 0-0 12. Kh1 Re8 13. a3 c4 14. Bc2 Nc5 15. f5 Nbd7 16. Bg5 Bf6 17. h4 Ne5 18. Nxe5 Rxe5 19. fxg6 Bxg5 20. gxf7+ Kf8 21. hxg5 Qxg5 22. Qf3 Qh6+ 23. Kg1 Rh5 24. Qg3 Rg5 25. Qf3 Bh3 26. Rf2 Nd7 27. e5 Nxe5 28. Qe4 Rg7 29. Raf1 Ra7 30. Ne2 Bc8 31. Nd4 Raxf7 32. Ne6+ Bxe6 33. dxe6 Qxe6 34. Qa8+ Ke7 35. Qxa6 Rxf2 36. Rxf2 Qd5 37. Qa7+ Nd7 38. Bf5 Qc6 39. Bxd7 Qxd7 40. Re2+ Kd8 41. Qb8+ 1-0

[Event "Francophone-ch 3rd"]
[Site "Montreal"]
[Date "2015.07.23"]
[Round "7"]
[White "Cloutier, Mathieu"]
[Black "Larochelle, Martial"]
[Result "1-0"]
[WhiteElo "1972"]
[BlackElo "2107"]
[PlyCount "61"]
[EventDate "2015.07.17"]
[EventType "swiss"]
[EventRounds "9"]
[EventCountry "CAN"]
[SourceTitle "EXT 2016"]
[Source "ChessBase"]
[SourceDate "2015.10.08"]
[SourceVersion "1"]
[SourceVersionDate "2015.10.08"]
[SourceQuality "1"]

1. e4 d5 2. exd5 Qxd5 3. Nc3 Qa5 4. d4 Nf6 5. Bd2 c6 6. Nf3 Bf5 7. Bc4 e6 8. Ne4 Qc7 9. Ng3 Bg6 10. h4 h6 11. Ne5 Bh7 12. Bf4 Bd6 13. Nh5 Nxh5 14. Qxh5 Bxe5 15. Bxe5 Qa5+ 16. c3 Nd7 17. Bxe6 Nxe5 18. Bxf7+ Ke7 19. dxe5 Rhf8 20. 0-0-0 Rad8 21. Rxd8 Rxd8 22. Bb3 Rf8 23. Qe2 Qc5 24. f3 Bg8 25. Bxg8 Rxg8 26. Rd1 Re8 27. Qd2 Qc4 28. Qd6+ Kf7 29. Qb4 Qxa2 30. Rd7+ Kg8 31. Qg4 1-0

[Event "Francophone-ch 3rd"]
[Site "Montreal"]
[Date "2015.07.19"]
[Round "4"]
[White "Cloutier, Mathieu"]
[Black "Fargere, Francois"]
[Result "0-1"]
[WhiteElo "1972"]
[BlackElo "2420"]
[PlyCount "70"]
[EventDate "2015.07.17"]
[EventType "swiss"]
[EventRounds "9"]
[EventCountry "CAN"]
[SourceTitle "EXT 2016"]
[Source "ChessBase"]
[SourceDate "2015.10.08"]
[SourceVersion "1"]
[SourceVersionDate "2015.10.08"]
[SourceQuality "1"]

1. e4 c5 2. Nf3 d6 3. d4 cxd4 4. Nxd4 Nf6 5. Nc3 a6 6. Bc4 e6 7. Bb3 Nbd7 8. 0-0 Nc5 9. Re1 Be7 10. f4 Qc7 11. g4 g6 12. g5 Nfd7 13. f5 Ne5 14. Bf4 Bd7 15. f6 Bf8 16. a4 h6 17. h4 hxg5 18. hxg5 Rh4 19. Rf1 0-0-0 20. Bd5 Qb6 21. Rb1 Nxa4 22. Kg2 Rg4+ 23. Kh1 Rh4+ 24. Kg2 Qc7 25. Nxa4 Bxa4 26. Bxe6+ fxe6 27. Nxe6 Qd7 28. Bg3 Qxe6 29. Bxh4 Bc6 30. Rf4 d5 31. Qg1 dxe4 32. Qb6 Rd2+ 33. Kg3 e3 34. Rg1 Qd5 35. Qxe3 Rg2+ 0-1

[Event "Montreal CC-ch"]
[Site "Montreal"]
[Date "2015.06.14"]
[Round "4"]
[White "Cloutier, Mathieu"]
[Black "Rodrigue Lemieux, Shawn"]
[Result "0-1"]
[WhiteElo "2142"]
[BlackElo "1959"]
[PlyCount "126"]
[EventDate "2015.06.12"]
[EventType "swiss"]
[EventRounds "5"]
[EventCountry "CAN"]
[SourceTitle "EXT 2019"]
[Source "ChessBase"]
[SourceDate "2018.10.10"]
[SourceVersion "1"]
[SourceVersionDate "2018.10.10"]
[SourceQuality "1"]

1. e4 c6 2. d4 d5 3. Nc3 dxe4 4. Nxe4 Bf5 5. Ng3 Bg6 6. N1e2 Nf6 7. Nf4 e6 8. h4 e5 9. Qe2 Qxd4 10. c3 Qd6 11. h5 Bc2 12. Nh3 Ba4 13. b3 Bb5 14. c4 Qd4 15. Rb1 Bb4+ 16. Bd2 Bxd2+ 17. Qxd2 Qxd2+ 18. Kxd2 Ba6 19. Re1 Nbd7 20. Ng5 h6 21. N5e4 Nxe4+ 22. Nxe4 0-0 23. g4 Rad8 24. Bd3 b6 25. Ke3 Nb8 26. Rhg1 f6 27. Rd1 Bb7 28. Bc2 Bc8 29. c5 Rxd1 30. Bxd1 Be6 31. Be2 Nd7 32. Rc1 Bd5 33. Bc4 Rd8 34. b4 bxc5 35. Nxc5 Bxc4 36. Rxc4 Nb6 37. Re4 Rd1 38. Kf3 Nd5 39. a4 Kf7 40. Rc4 Ke7 41. Ne4 Rd3+ 42. Ke2 Nf4+ 43. Ke1 Rd4 44. Rxd4 exd4 45. Kd2 Ke6 46. b5 cxb5 47. axb5 Kd5 48. Ng3 Nh3 49. Ke2 d3+ 50. Ke3 d2 51. Kxd2 Nxf2 52. Nf5 Nxg4 53. Nxg7 Kc5 54. Nf5 Kxb5 55. Ke2 Kc5 56. Kf3 Ne5+ 57. Ke4 Nf7 58. Ne3 Nd6+ 59. Kf4 a5 60. Ng4 a4 61. Nxh6 a3 62. Nf5 Nxf5 63. Kxf5 a2 0-1

[Event "Montreal CC-ch"]
[Site "Montreal"]
[Date "2015.06.14"]
[Round "5"]
[White "Tremblay, Alain"]
[Black "Cloutier, Mathieu"]
[Result "0-1"]
[WhiteElo "2052"]
[BlackElo "2142"]
[PlyCount "90"]
[EventDate "2015.06.12"]
[EventType "swiss"]
[EventRounds "5"]
[EventCountry "CAN"]
[SourceTitle "EXT 2019"]
[Source "ChessBase"]
[SourceDate "2018.10.10"]
[SourceVersion "1"]
[SourceVersionDate "2018.10.10"]
[SourceQuality "1"]

1. Nf3 c5 2. g3 d5 3. Bg2 Nc6 4. d4 cxd4 5. Nxd4 e5 6. Nxc6 bxc6 7. c4 Nf6 8. 0-0 Rb8 9. Nc3 Be6 10. Bg5 e4 11. cxd5 cxd5 12. Bxf6 gxf6 13. Qa4+ Qd7 14. Qxd7+ Kxd7 15. Rfd1 f5 16. Nxd5 Rxb2 17. Rac1 Bd6 18. a4 Rc8 19. Nf6+ Ke7 20. Nd5+ Kd8 21. Nc3 Ke7 22. Nd5+ Kf8 23. Rxc8+ Bxc8 24. Nf6 Be7 25. Nd5 Rxe2 26. Bf1 Rc2 27. Ne3 Rc5 28. Bb5 Bg5 29. Rd2 Rc3 30. Rc2 Rxc2 31. Nxc2 f4 32. gxf4 Bxf4 33. Bc6 f5 34. Nb4 e3 35. fxe3 Bxe3+ 36. Kg2 Bb6 37. Nd5 Bc5 38. h3 Bd6 39. a5 Kf7 40. Ba8 Ke6 41. Ne3 Bc7 42. Bd5+ Ke5 43. Bg8 Bb7+ 44. Kf2 h6 45. Bh7 Be4 0-1

[Event "Mercredi 2015.05.13 ABCD"]
[Site "Montreal"]
[Date "2015.05.27"]
[Round "3"]
[White "Cloutier, Mathieu"]
[Black "Lebeau, Gilbert"]
[Result "0-1"]
[WhiteElo "2088"]
[BlackElo "2073"]
[PlyCount "96"]
[EventDate "2015.05.13"]
[EventType "tourn"]
[EventRounds "5"]
[EventCountry "CAN"]
[SourceTitle "EXT 2019"]
[Source "ChessBase"]
[SourceDate "2018.10.10"]
[SourceVersion "1"]
[SourceVersionDate "2018.10.10"]
[SourceQuality "1"]

1. e4 e6 2. b3 d5 3. Bb2 Nf6 4. e5 Nfd7 5. f4 c5 6. Na3 a6 7. Bd3 Nc6 8. c3 b5 9. Nc2 Be7 10. Qg4 0-0 11. Nf3 f5 12. Qh3 c4 13. Be2 a5 14. Ncd4 Nxd4 15. Nxd4 Qb6 16. g4 Nc5 17. gxf5 exf5 18. Rg1 Be6 19. 0-0-0 g6 20. Qh6 Rf7 21. Rg2 Bf8 22. Qh3 b4 23. Rdg1 cxb3 24. axb3 Nxb3+ 25. Nxb3 bxc3 26. dxc3 Qxb3 27. Bd1 Qc4 28. Qf3 Rb8 29. Rxg6+ hxg6 30. Rxg6+ Rg7 31. Rxe6 Rg4 32. Rf6 Qb5 33. Qf2 Bc5 34. Qc2 Be3+ 35. Kb1 Rg1 36. Ka2 Qc4+ 37. Kb1 Qe4 38. Qxe4 Rxd1+ 39. Ka2 fxe4 40. Rg6+ Kf7 41. Rf6+ Kg7 42. Ba3 Rd2+ 43. Ka1 Rxh2 44. f5 d4 45. Rg6+ Kh7 46. e6 Bd2 47. Bb2 dxc3 48. e7 cxb2+ 0-1

[Event "Mercredi 2015.05.13 ABCD"]
[Site "Montreal"]
[Date "2015.05.22"]
[Round "1"]
[White "Cloutier, Mathieu"]
[Black "Boudreau, Daniel"]
[Result "1-0"]
[WhiteElo "2088"]
[BlackElo "2056"]
[PlyCount "105"]
[EventDate "2015.05.13"]
[EventType "tourn"]
[EventRounds "5"]
[EventCountry "CAN"]
[SourceTitle "EXT 2019"]
[Source "ChessBase"]
[SourceDate "2018.10.10"]
[SourceVersion "1"]
[SourceVersionDate "2018.10.10"]
[SourceQuality "1"]

1. e4 c5 2. Nf3 Nc6 3. d4 cxd4 4. Nxd4 e5 5. Nb5 d6 6. N1c3 a6 7. Na3 Be7 8. Be3 b5 9. Nd5 Rb8 10. c4 b4 11. Nc2 Nf6 12. Bd3 0-0 13. 0-0 Ng4 14. Bd2 a5 15. Nce3 Nxe3 16. Bxe3 Bg5 17. Qh5 h6 18. g3 g6 19. Qf3 Bh3 20. Rfd1 h5 21. Qh1 Bxe3 22. fxe3 Qg5 23. Bf1 Bg4 24. h4 Qd8 25. Rd2 f5 26. Rf2 Kg7 27. Bh3 Ne7 28. Nxe7 Qxe7 29. exf5 gxf5 30. Bxg4 hxg4 31. Qd5 a4 32. Raf1 Kg6 33. h5+ Kg5 34. h6 Rf6 35. Qh1 Qe6 36. Qh4+ Kg6 37. e4 f4 38. gxf4 exf4 39. Rxf4 Rxf4 40. Rxf4 Rg8 41. h7 Rh8 42. Rxg4+ Kf7 43. Qh5+ Kf8 44. Rf4+ Kg7 45. Qf3 Kxh7 46. Rg4 Qxg4+ 47. Qxg4 Rg8 48. Qxg8+ Kxg8 49. Kf2 Kf7 50. Ke3 Kf6 51. Kd4 Ke6 52. c5 b3 53. a3 1-0

[Event "Montreal Mercredi 01"]
[Site "Montreal"]
[Date "2015.01.28"]
[Round "4"]
[White "Cloutier, Mathieu"]
[Black "Tremblay, Alain"]
[Result "1-0"]
[WhiteElo "2112"]
[BlackElo "2144"]
[PlyCount "59"]
[EventDate "2015.01.07"]
[EventType "swiss"]
[EventRounds "5"]
[EventCountry "CAN"]
[SourceTitle "EXT 2022"]
[Source "ChessBase"]
[SourceDate "2021.10.06"]
[SourceVersion "1"]
[SourceVersionDate "2021.10.06"]
[SourceQuality "1"]

1. e4 Nf6 2. e5 Nd5 3. d4 d6 4. c4 Nb6 5. Nf3 Bg4 6. exd6 exd6 7. h3 Bh5 8. Be2 Be7 9. Nc3 0-0 10. 0-0 Nc6 11. b3 Bf6 12. Be3 d5 13. c5 Nc8 14. Rc1 h6 15. b4 N8e7 16. g4 Bg6 17. b5 Na5 18. Bf4 Nc4 19. Qb3 Na5 20. Qb4 b6 21. Rfe1 Bh7 22. Bf1 Nb7 23. Ne5 Na5 24. c6 Bh4 25. Re3 f5 26. Bg3 Bg5 27. f4 Bf6 28. Nd7 Rf7 29. Nxf6+ gxf6 30. Rce1 1-0

[Event "Montreal Mercredi 01"]
[Site "Montreal"]
[Date "2015.01.21"]
[Round "3"]
[White "Rousseau, Daniel"]
[Black "Cloutier, Mathieu"]
[Result "1-0"]
[WhiteElo "2101"]
[BlackElo "2112"]
[PlyCount "103"]
[EventDate "2015.01.07"]
[EventType "swiss"]
[EventRounds "5"]
[EventCountry "CAN"]
[SourceTitle "EXT 2022"]
[Source "ChessBase"]
[SourceDate "2021.10.06"]
[SourceVersion "1"]
[SourceVersionDate "2021.10.06"]
[SourceQuality "1"]

1. Nf3 c5 2. g3 d5 3. Bg2 Nf6 4. 0-0 Nc6 5. c4 d4 6. d3 e5 7. a3 a5 8. Nbd2 Be7 9. Ne1 Bd7 10. Rb1 0-0 11. Nc2 Qc8 12. Re1 Re8 13. Ne4 Nxe4 14. Bxe4 f5 15. Bd5+ Kh8 16. Bd2 a4 17. e3 Bd6 18. exd4 cxd4 19. Qh5 Ne7 20. Bg2 Ng6 21. Nb4 Bxb4 22. Bxb4 Ra6 23. Rbc1 Rf6 24. Qd1 Bc6 25. Bxc6 Qxc6 26. Bd2 f4 27. Re4 f3 28. h3 Qd7 29. Kh2 Qf5 30. Qxa4 Ref8 31. Qb5 Qc8 32. Rce1 Nf4 33. Bxf4 exf4 34. g4 Rc6 35. Qd5 Rh6 36. Re6 Rxe6 37. Qxe6 Qd8 38. Qe7 Qc8 39. Re5 h6 40. Rc5 Qe8 41. Re5 Qc8 42. h4 Rg8 43. Qe6 Qa8 44. g5 Qd8 45. Kh3 b5 46. Rd5 Qa8 47. gxh6 Qf8 48. hxg7+ Rxg7 49. Rh5+ Rh7 50. Qe5+ Kg8 51. Rg5+ Rg7 52. Qxg7+ 1-0